Biblical People Whose Names Begin with E - Statistics

General Stats
  • This quiz has been taken 572 times
  • The average score is 9 of 16
Answer Stats
Hint Answer % Correct
High priest who blessed and assured Hannah Eli
97%
Taken up in a whirlwind Elijah
92%
Elijah's successor Elisha
79%
Mother of John the Baptist Elizabeth
78%
Hunter and hairy man Esau
78%
Queen of Persia Esther
74%
Prophet exiled to Babylon Ezekiel
66%
Priest who reintroduced the Torah in Jerusalem following the return of the exiles Ezra
57%
Son of Cain Enoch
55%
Manasseh's brother Ephraim
45%
Son of Seth Enos
35%
Brother of Onan and Shela Er
30%
Father of Samuel Elkanah
29%
Son who succeeded Aaron as high priest Eleazar
28%
Friend of Job Elihu
17%
Son of Moses Eliezer
14%
No matching quizzes found
Score Distribution
Percent of People with Each Score
Percentile by Number Answered
Your Score History
You have not taken this quiz